[Event "ISR-chT (Women)"]
[Site "Netanya"]
[Date "2025.05.29"]
[Round "1.18"]
[White "Gara, Ticia"]
[Black "Potikha, Liza"]
[Result "1-0"]
[WhiteElo "2359"]
[BlackElo "2057"]
[PlyCount "69"]
[EventDate "2025.05.29"]
[EventType "team-swiss"]
[EventRounds "6"]
[EventCountry "ISR"]
[SourceTitle "CB23_2025"]
[SourceDate "2025.06.04"]
[SourceVersion "1"]
[SourceVersionDate "2025.06.04"]
[SourceQuality "1"]
[WhiteTeam "Ramat Gan Queens (W)"]
[BlackTeam "Tel Aviv (W)"]
[WhiteTeamCountry "ISR"]
[BlackTeamCountry "ISR"]

1. e4 e5 2. Nf3 Nc6 3. Bb5 a6 4. Ba4 d6 5. Bxc6+ bxc6 6. d4 Bg4 7. dxe5 dxe5 8. Qxd8+ Rxd8 9. Nc3 Bb4 10. Bd2 f6 11. Rd1 Bxc3 12. Bxc3 Rxd1+ 13. Kxd1 c5 14. Ke2 Ne7 15. Rd1 Nc6 16. Rd5 Nd4+ 17. Bxd4 cxd4 18. Ra5 Bc8 19. Nd2 Kd7 20. f4 exf4 21. Kd3 Bb7 22. Rf5 Ke6 23. Nb3 Kd6 24. Nxd4 c5 25. Ne2 c4+ 26. Kd4 Re8 27. Nc3 g5 28. Rxf6+ Ke7 29. Rh6 Rd8+ 30. Ke5 Rd2 31. Rxh7+ Kf8 32. Rxb7 Rxg2 33. Kf6 Kg8 34. Nd5 f3 35. Kg6 1-0

[Event "HUN-chT 2223"]
[Site "Hungary"]
[Date "2023.04.23"]
[Round "9.12"]
[White "Gara, Ticia"]
[Black "Szakmary, Domonkos"]
[Result "1-0"]
[WhiteElo "2333"]
[BlackElo "1910"]
[PlyCount "45"]
[EventDate "2022.11.20"]
[EventType "team-tourn"]
[EventRounds "9"]
[EventCountry "HUN"]
[SourceTitle "EXT 2024"]
[Source "ChessBase"]
[SourceDate "2023.10.10"]
[SourceVersion "1"]
[SourceVersionDate "2023.10.10"]
[SourceQuality "1"]
[WhiteTeam "Aquaprofit"]
[BlackTeam "Biatorbagy"]
[WhiteTeamCountry "HUN"]
[BlackTeamCountry "HUN"]

1. e4 c5 2. Nf3 Nc6 3. Bb5 e6 4. 0-0 Nge7 5. d4 cxd4 6. Nxd4 Ng6 7. Nc3 Be7 8. Be3 0-0 9. Be2 a6 10. Qd2 Qc7 11. f4 Nxd4 12. Qxd4 f5 13. e5 b5 14. Nd5 Qd8 15. Bf3 Rb8 16. Nxe7+ Qxe7 17. Qa7 Bb7 18. Bxb7 d5 19. Bc6 Qxa7 20. Bxa7 Rbd8 21. a4 Rf7 22. Bd4 b4 23. a5 1-0

[Event "Salamanca Masters 5th"]
[Site "Salamanca"]
[Date "2022.10.27"]
[Round "3"]
[White "Gara, Ticia"]
[Black "Socko, Monika"]
[Result "1-0"]
[WhiteElo "2333"]
[BlackElo "2454"]
[PlyCount "133"]
[EventDate "2022.10.26"]
[EventType "tourn (rapid)"]
[EventRounds "7"]
[EventCountry "ESP"]
[EventCategory "13"]
[SourceTitle "EXT 2024"]
[Source "ChessBase"]
[SourceDate "2023.10.10"]
[SourceVersion "1"]
[SourceVersionDate "2023.10.10"]
[SourceQuality "1"]

1. Nf3 d5 2. e3 Nf6 3. c4 e6 4. b3 b6 5. Bb2 Bb7 6. Nc3 a6 7. Be2 Bd6 8. 0-0 0-0 9. cxd5 exd5 10. d4 Nbd7 11. Rc1 Re8 12. Qc2 Rc8 13. Rfd1 Qe7 14. Bf1 c5 15. dxc5 bxc5 16. Qf5 Qe6 17. Bd3 g6 18. Qg5 Bf8 19. Ne2 Bg7 20. Ba1 Qe7 21. Qf4 Nh5 22. Qg5 f6 23. Qh4 Ne5 24. Nxe5 fxe5 25. Qxe7 Rxe7 26. e4 dxe4 27. Bc4+ Kh8 28. Rd6 Nf4 29. Rcd1 Rce8 30. g3 Nh3+ 31. Kg2 Ng5 32. Bd5 Bc8 33. h4 Nf3 34. Bxe4 Nd4 35. Nc3 Rf7 36. Bd5 Rc7 37. Ne4 Bg4 38. Rd3 Rf8 39. Ng5 h6 40. Ne6 Bxe6 41. Bxe6 e4 42. Rd1 Re7 43. Bc4 e3 44. fxe3 Rxe3 45. Rxg6 Ref3 46. Rf1 Rxf1 47. Bxf1 a5 48. Bc4 Ra8 49. Rd6 a4 50. bxa4 Rb8 51. a5 Be5 52. Rxh6+ Kg7 53. Rb6 Ra8 54. a6 Kf8 55. Bd5 Ra7 56. Bb7 Ke7 57. Rh6 c4 58. Bxd4 Bxd4 59. Rc6 c3 60. Kf3 Kd7 61. Rc4 Bf6 62. Ke4 Kd6 63. Kf5 Bh8 64. g4 Kd7 65. g5 Kd6 66. h5 Ke7 67. h6 1-0

[Event "Olympiad Women-44"]
[Site "Chennai"]
[Date "2022.08.07"]
[Round "9.2"]
[White "Fronda Pascua, Jan Jodilyn"]
[Black "Gara, Ticia"]
[Result "1-0"]
[WhiteElo "2181"]
[BlackElo "2367"]
[PlyCount "127"]
[EventDate "2022.07.29"]
[EventType "team-swiss"]
[EventRounds "11"]
[EventCountry "IND"]
[SourceTitle "CBM 210"]
[Source "ChessBase"]
[SourceDate "2022.10.31"]
[SourceVersion "1"]
[SourceVersionDate "2022.10.31"]
[SourceQuality "1"]
[WhiteTeam "Philippines (W)"]
[BlackTeam "Hungary (W)"]
[WhiteTeamCountry "PHI"]
[BlackTeamCountry "HUN"]

1. e4 c5 2. c3 d5 3. exd5 Qxd5 4. d4 Nc6 5. Nf3 Bg4 6. dxc5 Qxd1+ 7. Kxd1 e6 8. b4 a5 9. Bb5 Nge7 10. a3 axb4 11. cxb4 0-0-0+ 12. Nbd2 Bxf3+ 13. gxf3 Nd4 14. Bc4 g6 15. Ne4 Nef5 16. Bg5 Rd7 17. Kc1 Bg7 18. Bf6 Bxf6 19. Nxf6 Rc7 20. Kb2 Nxf3 21. Rad1 h5 22. a4 h4 23. a5 Ne5 24. Be2 h3 25. a6 bxa6 26. Bxa6+ Kb8 27. f4 Nc6 28. Nd7+ Ka8 29. b5 Nb4 30. b6 Nxa6 31. bxc7 Nxc7 32. c6 Ka7 33. Ra1+ Na6 34. Nc5 Rb8+ 35. Kc3 Rb6 36. c7 Ne7 37. Rhd1 Rc6 38. Rxa6+ Rxa6 39. Nxa6 Kxa6 40. Rd7 Nc8 41. Rxf7 Kb7 42. Rg7 Nd6 43. Rxg6 Kxc7 44. Rxe6 Nf5 45. Kd3 Kd7 46. Re5 Nh6 47. Rh5 Ng4 48. Ke2 Nxh2 49. Rg5 Ke6 50. Kf2 Kf6 51. Rg3 Kf5 52. Rxh3 Ng4+ 53. Kf3 Nf6 54. Rh1 Kg6 55. Rg1+ Kf7 56. f5 Nd5 57. Rd1 Nf6 58. Kf4 Nh5+ 59. Ke5 Nf6 60. Rd4 Ke7 61. Ra4 Nd7+ 62. Kf4 Nf6 63. Kg5 Nd5 64. Kg6 1-0

[Event "Olympiad Women-44"]
[Site "Chennai"]
[Date "2022.07.29"]
[Round "1.1"]
[White "Gara, Ticia"]
[Black "Chung Hurtado, Yaleika"]
[Result "1-0"]
[WhiteElo "2367"]
[BlackElo "1696"]
[PlyCount "62"]
[EventDate "2022.07.29"]
[EventType "team-swiss"]
[EventRounds "11"]
[EventCountry "IND"]
[SourceTitle "CBM 210"]
[Source "ChessBase"]
[SourceDate "2022.10.31"]
[SourceVersion "1"]
[SourceVersionDate "2022.10.31"]
[SourceQuality "1"]
[WhiteTeam "Hungary (W)"]
[BlackTeam "Panama (W)"]
[WhiteTeamCountry "HUN"]
[BlackTeamCountry "PAN"]

1. e4 c6 2. d4 d5 3. e5 c5 4. Nf3 Bg4 5. dxc5 e6 6. c3 Bxf3 7. Qxf3 Bxc5 8. Qg3 Bf8 9. Bd3 Nc6 10. 0-0 h5 11. Re1 Nh6 12. Bg5 Qc7 13. h3 a6 14. Nd2 Ne7 15. c4 Nhf5 16. Qf3 Rd8 17. Bxf5 exf5 18. Bxe7 Bxe7 19. cxd5 Bb4 20. Re2 Qa5 21. Nc4 Qb5 22. Ne3 g6 23. d6 0-0 24. Nd5 Bc5 25. Rd1 Qa4 26. b3 Qa3 27. Ne7+ Kg7 28. Qxb7 Rb8 29. Qf3 Rbd8 30. Rc2 Bb6 31. Kh2 Qb4 1-0

[Event "HUN-chT 2122"]
[Site "Hungary"]
[Date "2022.03.20"]
[Round "8.12"]
[White "Gaal, Zsoka"]
[Black "Gara, Ticia"]
[Result "0-1"]
[WhiteElo "2336"]
[BlackElo "2331"]
[PlyCount "54"]
[EventDate "2021.10.10"]
[EventType "team-tourn"]
[EventRounds "9"]
[EventCountry "HUN"]
[SourceTitle "EXT 2023"]
[Source "ChessBase"]
[SourceDate "2022.10.05"]
[SourceVersion "1"]
[SourceVersionDate "2022.10.05"]
[SourceQuality "1"]
[WhiteTeam "Ajka Sentimento"]
[BlackTeam "Tungsram ANSK"]
[WhiteTeamCountry "HUN"]
[BlackTeamCountry "HUN"]

1. d4 d5 2. Nf3 Nc6 3. c4 Bg4 4. cxd5 Bxf3 5. dxc6 Bxc6 6. Nc3 e6 7. e4 Bb4 8. f3 Qh4+ 9. g3 Qe7 10. a3 Ba5 11. Be3 a6 12. Bg2 0-0-0 13. Qd2 Nf6 14. 0-0 h5 15. Qf2 Bb6 16. Rfd1 Kb8 17. b4 h4 18. Rab1 hxg3 19. hxg3 Be8 20. a4 Ba7 21. b5 a5 22. Ne2 Nd7 23. Qe1 Qa3 24. Bf2 Bb6 25. d5 Ne5 26. Bxb6 Nxf3+ 27. Kf1 Nxe1 0-1

[Event "HUN-chT 2122"]
[Site "Hungary"]
[Date "2022.02.13"]
[Round "6.12"]
[White "Gara, Ticia"]
[Black "Lakos, Nikoletta"]
[Result "1/2-1/2"]
[WhiteElo "2365"]
[BlackElo "2200"]
[PlyCount "104"]
[EventDate "2021.10.10"]
[EventType "team-tourn"]
[EventRounds "9"]
[EventCountry "HUN"]
[SourceTitle "EXT 2024"]
[Source "ChessBase"]
[SourceDate "2023.10.10"]
[SourceVersion "1"]
[SourceVersionDate "2023.10.10"]
[SourceQuality "1"]
[WhiteTeam "Tungsram ANSK"]
[BlackTeam "Haladas"]
[WhiteTeamCountry "HUN"]
[BlackTeamCountry "HUN"]

1. Nf3 d5 2. d4 c6 3. g3 Bf5 4. Bg2 Nd7 5. 0-0 h6 6. c4 e6 7. Nc3 Be7 8. b3 Ngf6 9. Bb2 Ne4 10. e3 Nxc3 11. Bxc3 Be4 12. Qe2 0-0 13. Rfd1 Qc7 14. Bf1 Rfd8 15. Nd2 Bc2 16. Rdc1 Bh7 17. Bg2 Nf6 18. b4 Qd7 19. Nb3 Qe8 20. Be1 Bf8 21. Na5 Rab8 22. Qb2 Rdc8 23. a4 b6 24. Nb3 dxc4 25. Rxc4 Bd3 26. Rcc1 Be4 27. Bxe4 Nxe4 28. Qe2 e5 29. b5 Qe6 30. Qc4 Qxc4 31. Rxc4 cxb5 32. Rxc8 Rxc8 33. axb5 Nc3 34. Rxa7 Nxb5 35. Rb7 exd4 36. Rxb6 Na3 37. exd4 Nc2 38. Bd2 Rd8 39. Be3 g6 40. Rc6 Nb4 41. Rc7 Bg7 42. Kg2 Nd5 43. Rb7 Nc3 44. Kf3 Rd5 45. Rc7 Rf5+ 46. Kg2 Nd5 47. Rc5 h5 48. h3 Bf8 49. Rc8 Kg7 50. Nd2 Be7 51. Ra8 Nb4 52. Nf3 Nc6 1/2-1/2

[Event "EU-chT (Women) 23rd"]
[Site "Terme Catez"]
[Date "2021.11.14"]
[Round "3.5"]
[White "Gara, Ticia"]
[Black "Guichard, Pauline"]
[Result "1-0"]
[WhiteElo "2331"]
[BlackElo "2409"]
[PlyCount "85"]
[EventDate "2021.11.12"]
[EventType "team-swiss"]
[EventRounds "9"]
[EventCountry "SLO"]
[SourceTitle "CBM 205"]
[Source "ChessBase"]
[SourceDate "2021.12.31"]
[SourceVersion "1"]
[SourceVersionDate "2021.12.31"]
[SourceQuality "1"]
[WhiteTeam "Hungary (W)"]
[BlackTeam "France (W)"]
[WhiteTeamCountry "HUN"]
[BlackTeamCountry "FRA"]

1. c4 Nf6 2. Nc3 e6 3. e4 d5 4. e5 d4 5. exf6 dxc3 6. bxc3 Qxf6 7. d4 b6 8. Be2 Bb7 9. Bf3 Bxf3 10. Nxf3 Bd6 11. Qa4+ c6 12. 0-0 0-0 13. Bg5 Qf5 14. Bh4 Rc8 15. Bg3 Bf4 16. Bxf4 Qxf4 17. Ne5 f6 18. Nd3 Qf5 19. Rad1 Nd7 20. Rfe1 Rc7 21. Re3 Rd8 22. Rde1 Nf8 23. c5 Kh8 24. Qb3 b5 25. a4 a6 26. a5 e5 27. Nb4 exd4 28. cxd4 Qc8 29. d5 cxd5 30. Nxd5 Rxd5 31. Qxd5 Rxc5 32. Qf7 Rc1 33. g3 h6 34. h4 Kh7 35. Qe8 Rxe1+ 36. Rxe1 Qc5 37. h5 b4 38. Qf7 b3 39. Re7 Qg5 40. Rb7 Qg4 41. Rxb3 f5 42. Rb8 f4 43. Rxf8 1-0

[Event "SRB-chT (Women) Div1"]
[Site "Vrnjacka Banja"]
[Date "2021.09.15"]
[Round "10.2"]
[White "Gara, Ticia"]
[Black "Stojanovic, Andjelija"]
[Result "1/2-1/2"]
[WhiteElo "2343"]
[BlackElo "2316"]
[PlyCount "38"]
[EventDate "2021.09.07"]
[EventType "tourn"]
[EventRounds "11"]
[EventCountry "SRB"]
[SourceTitle "CBM 204 Extra"]
[Source "ChessBase"]
[SourceDate "2021.11.30"]
[SourceVersion "1"]
[SourceVersionDate "2021.11.30"]
[SourceQuality "1"]
[WhiteTeam "Belgrade Crvena Zvezda (W)"]
[BlackTeam "Belgrade Bas (W)"]
[WhiteTeamCountry "SRB"]
[BlackTeamCountry "SRB"]

1. e4 c5 2. Nf3 d6 3. d4 cxd4 4. Nxd4 Nf6 5. Nc3 Nc6 6. Bg5 Bd7 7. Qd2 Nxd4 8. Qxd4 Qa5 9. Qd2 Rc8 10. Bd3 h6 11. Bh4 g5 12. Bg3 Bg7 13. Ne2 Qxd2+ 14. Kxd2 d5 15. exd5 Nxd5 16. c3 e5 17. f3 0-0 18. h4 Rfd8 19. Rae1 b5 1/2-1/2

[Event "SRB-chT (Women) Div1"]
[Site "Vrnjacka Banja"]
[Date "2021.09.11"]
[Round "6.2"]
[White "Gara, Ticia"]
[Black "Tomin, Ksenija"]
[Result "1-0"]
[WhiteElo "2343"]
[BlackElo "2035"]
[PlyCount "60"]
[EventDate "2021.09.07"]
[EventType "tourn"]
[EventRounds "11"]
[EventCountry "SRB"]
[SourceTitle "CBM 204 Extra"]
[Source "ChessBase"]
[SourceDate "2021.11.30"]
[SourceVersion "1"]
[SourceVersionDate "2021.11.30"]
[SourceQuality "1"]
[WhiteTeam "Belgrade Crvena Zvezda (W)"]
[BlackTeam "Novi Sad Sah Kruzok (W)"]
[WhiteTeamCountry "SRB"]
[BlackTeamCountry "SRB"]

1. e4 c5 2. Nf3 e6 3. d4 cxd4 4. Nxd4 a6 5. c4 d6 6. Nc3 Nf6 7. Be2 Qc7 8. 0-0 Nbd7 9. f4 b6 10. b4 Bb7 11. Qd3 Be7 12. Bb2 0-0 13. a3 Rac8 14. Rac1 Qb8 15. g4 Ne8 16. Qh3 Bf6 17. Qe3 e5 18. Nf5 exf4 19. Qxf4 Be5 20. Qd2 Kh8 21. g5 d5 22. exd5 Bxh2+ 23. Kg2 f6 24. Rf3 fxg5 25. Qxg5 Rf6 26. Rh1 Ne5 27. Rxh2 Nxf3 28. Bxf3 Rxc4 29. Ng3 Qf4 30. Qxf4 Rcxf4 1-0

[Event "SRB-chT (Women) Div1"]
[Site "Vrnjacka Banja"]
[Date "2021.09.07"]
[Round "1.2"]
[White "Voiska, Margarita"]
[Black "Gara, Ticia"]
[Result "1/2-1/2"]
[WhiteElo "2194"]
[BlackElo "2343"]
[PlyCount "110"]
[EventDate "2021.09.07"]
[EventType "tourn"]
[EventRounds "11"]
[EventCountry "SRB"]
[SourceTitle "CBM 204 Extra"]
[Source "ChessBase"]
[SourceDate "2021.11.30"]
[SourceVersion "1"]
[SourceVersionDate "2021.11.30"]
[SourceQuality "1"]
[WhiteTeam "Novi Varos Zlatar (W)"]
[BlackTeam "Belgrade Crvena Zvezda (W)"]
[WhiteTeamCountry "SRB"]
[BlackTeamCountry "SRB"]

1. d4 Nf6 2. Nf3 g6 3. b4 Bg7 4. Bb2 d5 5. e3 0-0 6. Be2 a5 7. b5 Nbd7 8. Nbd2 c5 9. bxc6 bxc6 10. 0-0 c5 11. c4 Ba6 12. Rc1 Qb6 13. Ba1 Rfd8 14. cxd5 Nxd5 15. Bc4 e6 16. Qe2 Bxc4 17. Qxc4 cxd4 18. Bxd4 Bxd4 19. exd4 N7f6 20. Rb1 Qd6 21. Rfc1 Ra7 22. Qc5 Qa6 23. Qb5 Qxb5 24. Rxb5 a4 25. g3 a3 26. Rb3 Ne7 27. Rcc3 Nf5 28. Rxa3 Rxa3 29. Rxa3 Nxd4 30. Nxd4 Rxd4 31. Nf3 Rd1+ 32. Kg2 Ne4 33. Re3 f5 34. Re2 Kf7 35. Ne5+ Kf6 36. Ng4+ fxg4 37. Rxe4 h5 38. a4 Ra1 39. h3 gxh3+ 40. Kxh3 g5 41. f4 g4+ 42. Kg2 Ra2+ 43. Kg1 h4 44. gxh4 Kf5 45. Re5+ Kxf4 46. Rxe6 Kg3 47. Re3+ Kxh4 48. Rb3 Rxa4 49. Kg2 Ra2+ 50. Kg1 Rc2 51. Ra3 g3 52. Ra8 Kh3 53. Rh8+ Kg4 54. Rg8+ Kh3 55. Rh8+ Kg4 1/2-1/2

[Event "EU-Cup Online Final (Women)"]
[Site "Tornelo INT"]
[Date "2020.12.22"]
[Round "9.4"]
[White "Buksa, Nataliya"]
[Black "Gara, Ticia"]
[Result "1/2-1/2"]
[WhiteElo "2413"]
[BlackElo "2383"]
[PlyCount "148"]
[EventDate "2020.12.21"]
[EventType "team-tourn (rapid)"]
[EventRounds "9"]
[EventCountry "NET"]
[SourceTitle "CBM 199 Extra"]
[Source "ChessBase"]
[SourceDate "2021.01.31"]
[SourceVersion "1"]
[SourceVersionDate "2021.01.31"]
[SourceQuality "1"]
[WhiteTeam "Kiev Greco (W)"]
[BlackTeam "Hello Sakk (W)"]
[WhiteTeamCountry "UKR"]
[BlackTeamCountry "HUN"]

1. e4 e5 2. Nf3 Nf6 3. Nxe5 d6 4. Nf3 Nxe4 5. Qe2 Qe7 6. d3 Nf6 7. Nc3 c6 8. d4 Bg4 9. Bg5 Bxf3 10. gxf3 Qxe2+ 11. Bxe2 Nbd7 12. 0-0-0 h6 13. Bf4 0-0-0 14. Ne4 d5 15. Nd6+ Bxd6 16. Bxd6 Nb6 17. Be5 Nc4 18. Bxc4 dxc4 19. Rhg1 Rhg8 20. Bxf6 gxf6 21. c3 Rg5 22. Rg4 h5 23. Rxg5 fxg5 24. Re1 Rd5 25. Kd2 Kd7 26. b4 Rf5 27. Ke2 Rf4 28. Rg1 f6 29. h3 Ke6 30. a4 Kd5 31. a5 Rh4 32. Rg3 b6 33. axb6 axb6 34. Ke3 Ke6 35. Kd2 Kf5 36. Ke3 Kg6 37. Ke2 Kf5 38. Ke3 Ke6 39. Ke2 Kd6 40. Ke3 c5 41. dxc5+ bxc5 42. b5 Kc7 43. Ke2 Kb6 44. Rg1 Kxb5 45. Rd1 Rxh3 46. Rd6 Rh1 47. Rxf6 h4 48. Rg6 Rg1 49. f4 h3 50. Rh6 gxf4 51. Rxh3 Ka4 52. Kf3 Rf1 53. Ke2 Rc1 54. Kd2 Rf1 55. Rf3 Kb3 56. Rxf4 Ra1 57. Rf5 Ra2+ 58. Ke3 Kxc3 59. Rxc5 Ra1 60. f4 Re1+ 61. Kf3 Kd4 62. Rc8 c3 63. f5 Kd3 64. Rd8+ Kc2 65. Kf4 Kb2 66. Rb8+ Kc1 67. f6 c2 68. Kf5 Rf1+ 69. Ke6 Kd2 70. Rd8+ Ke2 71. Rc8 Kd2 72. f7 Rxf7 73. Kxf7 c1Q 74. Rxc1 Kxc1 1/2-1/2

[Event "EU-Cup Online Final (Women)"]
[Site "Tornelo INT"]
[Date "2020.12.22"]
[Round "6.1"]
[White "Gara, Ticia"]
[Black "Kulon, Klaudia"]
[Result "1/2-1/2"]
[WhiteElo "2383"]
[BlackElo "2347"]
[PlyCount "120"]
[EventDate "2020.12.21"]
[EventType "team-tourn (rapid)"]
[EventRounds "9"]
[EventCountry "NET"]
[SourceTitle "CBM 199 Extra"]
[Source "ChessBase"]
[SourceDate "2021.01.31"]
[SourceVersion "1"]
[SourceVersionDate "2021.01.31"]
[SourceQuality "1"]
[WhiteTeam "Hello Sakk (W)"]
[BlackTeam "Poland Hussars (W)"]
[WhiteTeamCountry "HUN"]
[BlackTeamCountry "POL"]

1. Nf3 Nf6 2. g3 g6 3. b3 Bg7 4. Bb2 0-0 5. Bg2 d6 6. d4 c5 7. 0-0 Bg4 8. h3 Bf5 9. c4 Qc8 10. Kh2 Nc6 11. e3 e5 12. Nh4 Bd7 13. dxc5 dxc5 14. Nc3 Rd8 15. Qe2 g5 16. Nf3 g4 17. hxg4 Bxg4 18. Nd5 Nxd5 19. cxd5 Rxd5 20. Qc4 Be6 21. Ng5 e4 22. Nxe6 Rh5+ 23. Kg1 Bxb2 24. Nf4 Bxa1 25. Nxh5 Bh8 26. Qxc5 Qe6 27. Nf4 Qe5 28. Qxe5 Bxe5 29. Bxe4 Rd8 30. Nd5 Kg7 31. f4 f5 32. Bf3 Bb2 33. Kg2 Ba3 34. Rh1 Nb4 35. Nxb4 Rd2+ 36. Kh3 Bxb4 37. Bxb7 Rxa2 38. e4 Rb2 39. exf5 Rxb3 40. Bd5 Rd3 41. Be6 Re3 42. Rd1 Be1 43. Rd7+ Kh6 44. Rxa7 Rxg3+ 45. Kh2 Rg4 46. f6 Rxf4 47. f7 Kg5 48. Ra8 Bb4 49. Rg8+ Kh4 50. Rh8 h5 51. Kg2 Bc5 52. Rg8 Rf2+ 53. Kh1 Rf1+ 54. Kg2 Rf2+ 55. Kh1 Rf6 56. Bd5 Rf1+ 57. Kg2 Rf2+ 58. Kh1 Rf1+ 59. Kg2 Rf2+ 60. Kh1 Rf1+ 1/2-1/2

[Event "EU-Cup Online Final (Women)"]
[Site "Tornelo INT"]
[Date "2020.12.21"]
[Round "1.3"]
[White "Gara, Ticia"]
[Black "Wagner, Dinara"]
[Result "0-1"]
[WhiteElo "2383"]
[BlackElo "2334"]
[PlyCount "86"]
[EventDate "2020.12.21"]
[EventType "team-tourn (rapid)"]
[EventRounds "9"]
[EventCountry "NET"]
[SourceTitle "CBM 199 Extra"]
[Source "ChessBase"]
[SourceDate "2021.01.31"]
[SourceVersion "1"]
[SourceVersionDate "2021.01.31"]
[SourceQuality "1"]
[WhiteTeam "Hello Sakk (W)"]
[BlackTeam "Ugra (W)"]
[WhiteTeamCountry "HUN"]
[BlackTeamCountry "RUS"]

1. Nf3 d5 2. g3 Bg4 3. Bg2 c6 4. 0-0 Nf6 5. c4 e6 6. d3 Be7 7. h3 Bh5 8. Qb3 Qb6 9. Qc2 Na6 10. Be3 Qd8 11. a3 0-0 12. b4 Nc7 13. g4 Bg6 14. Ne5 Nd7 15. Nxg6 hxg6 16. Nd2 e5 17. Nf3 Bd6 18. Bd2 f5 19. g5 e4 20. Nd4 Be5 21. e3 Bxd4 22. exd4 Ne6 23. cxd5 cxd5 24. Qa2 Nb6 25. dxe4 fxe4 26. Bxe4 Nxg5 27. Bxg5 Qxg5+ 28. Bg2 Rf4 29. Rae1 Nc4 30. Re6 Rxd4 31. Qe2 Rf8 32. Re7 Nd2 33. Qe6+ Kh7 34. Qd7 Qf6 35. Re6 Qg5 36. Re7 Rg8 37. f4 Qh4 38. Rf2 Nc4 39. Qg4 Qxe7 40. Kh2 Rf8 41. Bf3 Ne3 42. Qg3 Nf5 43. Qg4 Qh4 0-1

[Event "Los Cancajos FEDA GM (Women)"]
[Site "Los Cancajos"]
[Date "2020.12.06"]
[Round "7"]
[White "Gara, Ticia"]
[Black "Galvan Cipriani, Viviana"]
[Result "1-0"]
[WhiteElo "2383"]
[BlackElo "2145"]
[PlyCount "49"]
[EventDate "2020.11.30"]
[EventType "tourn"]
[EventRounds "9"]
[EventCountry "ESP"]
[SourceTitle "CBM 199 Extra"]
[Source "ChessBase"]
[SourceDate "2021.01.31"]
[SourceVersion "1"]
[SourceVersionDate "2021.01.31"]
[SourceQuality "1"]

1. e4 c5 2. Nf3 Nc6 3. Bb5 Nf6 4. Nc3 Nd4 5. e5 Nxb5 6. Nxb5 Ng4 7. h3 Nh6 8. Qe2 Qb6 9. d4 Nf5 10. dxc5 Qxc5 11. 0-0 a6 12. Nc3 g6 13. Rd1 h5 14. Nd5 Bh6 15. Bxh6 Nxh6 16. b4 Qc6 17. Rd3 Nf5 18. Rad1 Kf8 19. Rc3 Qa4 20. a3 Rb8 21. Nb6 Qb5 22. Qxb5 axb5 23. Nxc8 Kg7 24. Na7 d6 25. Nxb5 1-0

[Event "Los Cancajos FEDA GM (Women)"]
[Site "Los Cancajos"]
[Date "2020.12.01"]
[Round "2"]
[White "Gara, Ticia"]
[Black "Terbe, Julianna"]
[Result "1-0"]
[WhiteElo "2383"]
[BlackElo "2269"]
[PlyCount "61"]
[EventDate "2020.11.30"]
[EventType "tourn"]
[EventRounds "9"]
[EventCountry "ESP"]
[SourceTitle "CBM 199 Extra"]
[Source "ChessBase"]
[SourceDate "2021.01.31"]
[SourceVersion "1"]
[SourceVersionDate "2021.01.31"]
[SourceQuality "1"]

1. e4 e5 2. Nf3 Nc6 3. Bb5 a6 4. Ba4 Nf6 5. 0-0 Be7 6. d3 b5 7. Bb3 d6 8. Bd2 0-0 9. h3 Bd7 10. a3 h6 11. Nc3 Na5 12. Ba2 c5 13. b4 Nc6 14. Nd5 Re8 15. Nh2 Rc8 16. c3 Bf8 17. Nxf6+ Qxf6 18. f4 Nd8 19. f5 g5 20. Qh5 c4 21. h4 gxh4 22. Ng4 Qh8 23. Qxh4 Bg7 24. f6 Bf8 25. Rf3 Qh7 26. Rg3 Kh8 27. Nxh6 Bxh6 28. Bxh6 Ne6 29. Bg7+ Nxg7 30. Qxh7+ Kxh7 31. Rxg7+ 1-0

[Event "SRB-chT (Women)"]
[Site "Valjevo"]
[Date "2020.10.03"]
[Round "11.5"]
[White "Buksa, Nataliya"]
[Black "Gara, Ticia"]
[Result "1/2-1/2"]
[WhiteElo "2410"]
[BlackElo "2371"]
[PlyCount "39"]
[EventDate "2020.09.25"]
[EventType "team-tourn"]
[EventRounds "11"]
[EventCountry "SRB"]
[SourceTitle "CBM 198 Extra"]
[Source "ChessBase"]
[SourceDate "2020.11.30"]
[SourceVersion "1"]
[SourceVersionDate "2020.11.30"]
[SourceQuality "1"]
[WhiteTeam "Kac Jugovic (W)"]
[BlackTeam "Belgrade Crvena Zvezda (W)"]
[WhiteTeamCountry "SRB"]
[BlackTeamCountry "SRB"]

1. e4 c5 2. Nf3 d6 3. d4 cxd4 4. Nxd4 Nf6 5. Nc3 Bd7 6. Be3 Ng4 7. Bc1 Nf6 8. f3 e5 9. Nb3 Be7 10. Be3 0-0 11. Qd2 a5 12. a4 Na6 13. Nb5 Be6 14. c4 Nb4 15. Be2 Rc8 16. Rc1 Na2 17. Ra1 Nb4 18. Rc1 Na2 19. Ra1 Nb4 20. Rc1 1/2-1/2

[Event "SRB-chT (Women)"]
[Site "Valjevo"]
[Date "2020.09.25"]
[Round "1.5"]
[White "Gara, Ticia"]
[Black "Gaponenko, Inna"]
[Result "1/2-1/2"]
[WhiteElo "2371"]
[BlackElo "2396"]
[PlyCount "113"]
[EventDate "2020.09.25"]
[EventType "team-tourn"]
[EventRounds "11"]
[EventCountry "SRB"]
[SourceTitle "CBM 198 Extra"]
[Source "ChessBase"]
[SourceDate "2020.11.30"]
[SourceVersion "1"]
[SourceVersionDate "2020.11.30"]
[SourceQuality "1"]
[WhiteTeam "Belgrade Crvena Zvezda (W)"]
[BlackTeam "Belgrade BAS (W)"]
[WhiteTeamCountry "SRB"]
[BlackTeamCountry "SRB"]

1. Nf3 Nf6 2. g3 g6 3. Bg2 Bg7 4. 0-0 0-0 5. d4 d6 6. a4 a5 7. Nc3 Nc6 8. e4 e5 9. dxe5 dxe5 10. Bg5 Be6 11. Qc1 Re8 12. Rd1 Qc8 13. Qe3 Ng4 14. Qe2 h6 15. Bc1 Nd4 16. Nxd4 exd4 17. Nb5 Rd8 18. h3 Ne5 19. f4 Bc4 20. Qf2 Bxb5 21. axb5 Nc4 22. e5 Qd7 23. Bxb7 Rab8 24. Bg2 Rxb5 25. b3 Nb6 26. Bb2 c5 27. Bf1 a4 28. Bxb5 Qxb5 29. bxa4 Nxa4 30. Ba3 Nc3 31. Re1 Nd5 32. Bc1 Nb4 33. Rb1 Qc4 34. Rb2 d3 35. Rd1 Rd4 36. cxd3 Nxd3 37. Rb8+ Kh7 38. Qf1 Qc2 39. Be3 Rd7 40. Rd2 Qc3 41. Kh2 Nxe5 42. Rxd7 Nxd7 43. Rb7 Qxe3 44. Rxd7 Qe6 45. Rc7 Bd4 46. Ra7 Kg7 47. Ra4 Qb3 48. Rc4 Qa2+ 49. Kh1 Qb3 50. Kg2 Qa2+ 51. Kh1 Kh7 52. Rc1 Qa3 53. Kg2 Qb2+ 54. Kh1 Qa3 55. Kg2 Qb2+ 56. Kh1 Qa3 57. Kg2 1/2-1/2